000 00190nam a22000977a 4500
999 _c67228
_d67225
082 _a660.289HOU
100 _aHougen,
245 _aChemical Process Principles
300 _a504p
942 _cBK